[Event "Berlin Eckbauer op 13th"]
[Site "Berlin"]
[Date "2010.10.25"]
[Round "6.17"]
[White "Kampf, Guenther"]
[Black "Berndt, Ronald"]
[Result "1/2-1/2"]
[WhiteElo "2021"]
[BlackElo "1727"]
[PlyCount "21"]
[EventDate "2010.09.13"]
[EventType "swiss"]
[EventRounds "7"]
[EventCountry "GER"]
[SourceTitle "EXT 2022"]
[Source "ChessBase"]
[SourceDate "2021.10.06"]
[SourceVersion "1"]
[SourceVersionDate "2021.10.06"]
[SourceQuality "1"]

1. c4 c6 2. e4 d5 3. exd5 cxd5 4. cxd5 Nf6 5. Nc3 Nxd5 6. Bb5+ Nc6 7. Nf3 Nxc3 8. bxc3 Bd7 9. Ba3 e6 10. Bxf8 Rxf8 11. 0-0 1/2-1/2

[Event "Berlin Eckbauer op 11th"]
[Site "Berlin"]
[Date "2008.09.08"]
[Round "1.6"]
[White "Berndt, Ronald"]
[Black "Albrecht, Rainer"]
[Result "0-1"]
[WhiteElo "1727"]
[BlackElo "2184"]
[PlyCount "34"]
[EventDate "2008.09.08"]
[EventType "swiss"]
[EventRounds "6"]
[EventCountry "GER"]
[SourceTitle "EXT 2022"]
[Source "ChessBase"]
[SourceDate "2021.10.06"]
[SourceVersion "1"]
[SourceVersionDate "2021.10.06"]
[SourceQuality "1"]

1. e4 e6 2. d4 d5 3. exd5 exd5 4. Bd3 c5 5. Qe2+ Be7 6. dxc5 Nf6 7. Nf3 0-0 8. b4 Re8 9. Be3 a5 10. c3 axb4 11. cxb4 b6 12. Bb5 Bd7 13. Ne5 bxc5 14. Nxd7 Nfxd7 15. bxc5 Bf6 16. Qf3 Qa5+ 17. Nd2 Bxa1 0-1

[Event "Berlin Eckbauer op 10th"]
[Site "Berlin"]
[Date "2007.11.06"]
[Round "7"]
[White "Berndt, Ronald"]
[Black "Fuchs, Joerg"]
[Result "1-0"]
[WhiteElo "1727"]
[BlackElo "1930"]
[PlyCount "135"]
[EventDate "2007.08.18"]
[EventType "swiss"]
[EventRounds "7"]
[EventCountry "GER"]
[SourceTitle "EXT 2022"]
[Source "ChessBase"]
[SourceDate "2021.10.06"]
[SourceVersion "1"]
[SourceVersionDate "2021.10.06"]
[SourceQuality "1"]

1. e4 e5 2. Nf3 d6 3. d4 exd4 4. Nxd4 Nf6 5. Nc3 Be7 6. Bc4 0-0 7. 0-0 Re8 8. h3 Bd7 9. Qf3 Nc6 10. Nxc6 Bxc6 11. Nd5 Qd7 12. Rd1 Nxd5 13. Bxd5 Bxd5 14. exd5 Bf6 15. Be3 Qa4 16. c3 Qe4 17. Qg4 Qxg4 18. hxg4 Re5 19. Rd3 Rae8 20. Kf1 Kf8 21. Ke2 Bg5 22. Kf3 Bxe3 23. fxe3 f6 24. Rh1 h6 25. Rh5 Re4 26. b3 Kf7 27. Rh1 Kg6 28. Rh5 b6 29. Rf5 Kf7 30. Rf4 R4e5 31. Ra4 a5 32. Rc4 R5e7 33. a4 Rb8 34. Rc6 Ke8 35. Rd4 Kd8 36. Kf4 Kd7 37. Rdc4 Rb7 38. b4 axb4 39. cxb4 Ra7 40. a5 bxa5 41. bxa5 Re5 42. e4 h5 43. gxh5 Rxh5 44. Ra4 Rh1 45. Kf5 Rh5+ 46. Kg4 Rg5+ 47. Kf3 f5 48. Kf4 Rg4+ 49. Kxf5 Rxg2 50. a6 Ra8 51. Kf4 Rf8+ 52. Ke3 Rf1 53. a7 Re1+ 54. Kd3 Rd1+ 55. Kc3 Rc1+ 56. Kb4 Rb1+ 57. Ka5 Rgb2 58. a8N Rb8 59. Nxc7 R8b7 60. Na8 Rb8 61. Nb6+ R8xb6 62. Rxb6 Re1 63. Rb7+ Kc8 64. Ka6 Rc1 65. Rab4 Rc5 66. R4b5 Rxb5 67. Rxb5 Kd7 68. Rb7+ 1-0

[Event "Berlin Eckbauer op 10th"]
[Site "Berlin"]
[Date "2007.10.09"]
[Round "4"]
[White "Kesslau, Adolf"]
[Black "Berndt, Ronald"]
[Result "1/2-1/2"]
[WhiteElo "1656"]
[BlackElo "1727"]
[PlyCount "112"]
[EventDate "2007.08.18"]
[EventType "swiss"]
[EventRounds "7"]
[EventCountry "GER"]
[SourceTitle "EXT 2022"]
[Source "ChessBase"]
[SourceDate "2021.10.06"]
[SourceVersion "1"]
[SourceVersionDate "2021.10.06"]
[SourceQuality "1"]

1. d4 Nf6 2. c4 c6 3. Nc3 d5 4. e3 Bf5 5. Nf3 e6 6. cxd5 exd5 7. Bd3 Bxd3 8. Qxd3 Bb4 9. 0-0 Bxc3 10. bxc3 0-0 11. c4 dxc4 12. Qxc4 Qd5 13. Qb4 b6 14. Ba3 c5 15. dxc5 Na6 16. Qb5 Nxc5 17. Rfd1 Qh5 18. Rd4 Rfd8 19. Rad1 Rxd4 20. Rxd4 Qf5 21. h3 h6 22. Bxc5 Qxc5 23. Qxc5 bxc5 24. Ra4 Nd7 25. Kf1 Nb6 26. Ra5 c4 27. Rc5 Rd8 28. Nd4 Rd5 29. Rxd5 Nxd5 30. Ke1 g6 31. a4 f5 32. Nc6 a6 33. Ne5 f4 34. Nxc4 fxe3 35. Nxe3 Nf4 36. Kd2 Kf7 37. h4 Ke6 38. Kc3 h5 39. g3 Nh3 40. f4 Ng1 41. Kc4 Ne2 42. Kc5 Nxg3 43. Kb6 Nf5 44. Nxf5 Kxf5 45. Kxa6 Kxf4 46. Kb5 g5 47. hxg5 h4 48. g6 h3 49. g7 h2 50. g8Q h1Q 51. Qc4+ Ke5 52. Qc7+ Kf5 53. a5 Qb1+ 54. Kc6 Qc2+ 55. Kd7 Qa4+ 56. Ke7 Qb4+ 1/2-1/2

[Event "Berlin Eckbauer op 10th"]
[Site "Berlin"]
[Date "2007.09.25"]
[Round "2"]
[White "Busch, Klaus1111"]
[Black "Berndt, Ronald"]
[Result "0-1"]
[WhiteElo "1800"]
[BlackElo "1727"]
[PlyCount "188"]
[EventDate "2007.08.18"]
[EventType "swiss"]
[EventRounds "7"]
[EventCountry "GER"]
[SourceTitle "EXT 2022"]
[Source "ChessBase"]
[SourceDate "2021.10.06"]
[SourceVersion "1"]
[SourceVersionDate "2021.10.06"]
[SourceQuality "1"]

1. c4 c6 2. d4 d5 3. e3 Bf5 4. Nc3 e6 5. cxd5 exd5 6. Bd3 Bxd3 7. Qxd3 Nf6 8. Nf3 Bd6 9. Ne5 0-0 10. f4 Nbd7 11. 0-0 Qe7 12. a3 Rae8 13. Bd2 Ne4 14. Nxe4 dxe4 15. Qb3 Nb6 16. Nc4 Qe6 17. Rac1 Nxc4 18. Qxc4 Qg4 19. Rf2 g5 20. fxg5 Qxg5 21. Rcf1 Qh5 22. g3 Re6 23. Rf5 Qg4 24. Be1 h5 25. Qc2 h4 26. Qg2 hxg3 27. Bxg3 Rg6 28. R5f4 Bxf4 29. Rxf4 Qd1+ 30. Rf1 Qd3 31. Qf2 f5 32. Kh1 Rf7 33. Qf4 Rfg7 34. Qb8+ Kh7 35. Rxf5 Qd1+ 36. Kg2 Qe2+ 37. Kh1 Qd1+ 38. Kg2 Qg4 39. Qe5 Qe2+ 40. Rf2 Qg4 41. Qf4 Qxf4 42. Rxf4 Rg4 43. Rf5 Kg6 44. Re5 Kf6 45. Kf2 Rf7 46. Kg2 Re7 47. Ra5 b6 48. Rh5 Rd7 49. Kh3 Rg8 50. Re5 c5 51. Rxe4 cxd4 52. exd4 Kf5 53. Rf4+ Ke6 54. Rh4 Kd5 55. Be1 Re7 56. Bg3 Re2 57. Rh7 a5 58. b4 a4 59. Rh6 b5 60. Rh5+ Kxd4 61. Rxb5 Kc4 62. Ra5 Kb3 63. b5 Rg5 64. Bd6 Rd5 65. Bb4 Ree5 66. Ra7 Rxb5 67. Bd6 Re6 68. Bf8 Rh5+ 69. Kg3 Rg6+ 70. Kf4 Rf6+ 71. Ke4 Rxf8 72. Rb7+ Kxa3 73. Ke3 Rxh2 74. Ke4 Rh3 75. Rc7 Rb3 76. Kd4 Rf2 77. Rc1 Kb2 78. Rc7 a3 79. Kc4 a2 80. Ra7 a1Q 81. Rxa1 Kxa1 82. Kxb3 Rf3+ 83. Kc2 Ka2 84. Kd2 Kb3 85. Ke2 Rh3 86. Kd2 Kc4 87. Ke2 Kd4 88. Kf2 Ke4 89. Kg2 Ra3 90. Kf2 Rb3 91. Kg2 Kf4 92. Kh2 Kg4 93. Kg1 Kf3 94. Kh2 Rb1 0-1

[Event "Berlin Hellersdorf Winter 4th"]
[Site "Berlin"]
[Date "2007.03.04"]
[Round "5"]
[White "Berndt, Ronald"]
[Black "Kurbel, Horst Peter"]
[Result "1-0"]
[WhiteElo "1737"]
[BlackElo "1899"]
[PlyCount "101"]
[EventDate "2007.03.02"]
[EventType "swiss"]
[EventRounds "5"]
[EventCountry "GER"]
[SourceTitle "EXT 2022"]
[Source "ChessBase"]
[SourceDate "2021.10.06"]
[SourceVersion "1"]
[SourceVersionDate "2021.10.06"]
[SourceQuality "1"]

1. e4 c5 2. Nf3 d6 3. d4 cxd4 4. Nxd4 Nf6 5. Nc3 a6 6. Be2 e5 7. Nf3 h6 8. 0-0 Be6 9. a4 Nbd7 10. Nd2 Rc8 11. Nb3 Qc7 12. f4 Be7 13. f5 Bc4 14. Be3 0-0 15. Bxc4 Qxc4 16. Qf3 b5 17. axb5 axb5 18. Ra7 Ra8 19. Na5 Qc8 20. Nxb5 Rxa7 21. Nxa7 Qxc2 22. N7c6 Bd8 23. Nxd8 Rxd8 24. Nb7 Rb8 25. Nxd6 Rxb2 26. Rc1 Rb1 27. Rxb1 Qxb1+ 28. Qf1 Qb4 29. Qd1 Nxe4 30. Nxf7 Nef6 31. Nd8 Ng4 32. Qd5+ Kh7 33. Qd2 Qb1+ 34. Qc1 Qxf5 35. h3 Nxe3 36. Qxe3 Qb1+ 37. Kh2 e4 38. Ne6 Qd3 39. Qg3 g5 40. Qc7 Kg6 41. Qxd7 Qxd7 42. Nf8+ Kf5 43. Nxd7 Kf4 44. g3+ Kf3 45. Ne5+ Kf2 46. Ng4+ Kf1 47. h4 gxh4 48. gxh4 h5 49. Nf6 e3 50. Nxh5 Kf2 51. Ng3 1-0

[Event "Berlin Eckbauer op 09th"]
[Site "Berlin"]
[Date "2006.11.06"]
[Round "5"]
[White "Koenig, Frank"]
[Black "Berndt, Ronald"]
[Result "1-0"]
[WhiteElo "1873"]
[BlackElo "1581"]
[PlyCount "67"]
[EventDate "2006.10.09"]
[EventType "swiss"]
[EventRounds "7"]
[EventCountry "GER"]
[SourceTitle "EXT 2022"]
[Source "ChessBase"]
[SourceDate "2021.10.06"]
[SourceVersion "1"]
[SourceVersionDate "2021.10.06"]
[SourceQuality "1"]

1. Nf3 c5 2. g3 b6 3. Bg2 Bb7 4. 0-0 Nf6 5. d3 g6 6. e4 d6 7. Nbd2 Bg7 8. Nc4 Nbd7 9. a4 0-0 10. Re1 Ng4 11. c3 Nge5 12. Nfxe5 Nxe5 13. Ne3 Ba6 14. Bf1 Bb7 15. f4 Nd7 16. Bg2 e6 17. Nc4 Qc7 18. Ne3 a6 19. Rf1 b5 20. axb5 axb5 21. Rxa8 Rxa8 22. Qb3 Qa5 23. f5 Qa4 24. Qxa4 Rxa4 25. fxe6 fxe6 26. Bh3 Nf8 27. Ng4 d5 28. Nh6+ Kh8 29. Nf7+ Kg8 30. Nd8 Ba6 31. Nxe6 Bc8 32. exd5 Nxe6 33. dxe6 Bf8 34. e7 1-0

[Event "Berlin Eckbauer op 09th"]
[Site "Berlin"]
[Date "2006.10.23"]
[Round "3"]
[White "Berndt, Ronald"]
[Black "Dirmeier, Alexander"]
[Result "1-0"]
[WhiteElo "1581"]
[BlackElo "1558"]
[PlyCount "69"]
[EventDate "2006.10.09"]
[EventType "swiss"]
[EventRounds "7"]
[EventCountry "GER"]
[SourceTitle "EXT 2022"]
[Source "ChessBase"]
[SourceDate "2021.10.06"]
[SourceVersion "1"]
[SourceVersionDate "2021.10.06"]
[SourceQuality "1"]

1. e4 e5 2. Nf3 f5 3. Nxe5 Qf6 4. d4 d6 5. Nf3 fxe4 6. Qe2 d5 7. Bg5 Qe6 8. Ne5 h6 9. Qh5+ g6 10. Nxg6 hxg5 11. Nxh8+ Kd7 12. Qf7+ Qxf7 13. Nxf7 Nc6 14. Bb5 Ke7 15. Bxc6 bxc6 16. Nxg5 Bh6 17. h4 Rb8 18. b3 Bg7 19. c3 Ba6 20. Na3 c5 21. Nc2 Bd3 22. Ne3 c6 23. Nf5+ Kf6 24. Nxg7 Kxg7 25. Ne6+ Kh6 26. Nxc5 Nf6 27. Nxd3 exd3 28. f3 Re8+ 29. Kd2 Ne4+ 30. fxe4 dxe4 31. Ke3 Kh5 32. Raf1 Kg4 33. h5 d2 34. Kxd2 e3+ 35. Ke2 1-0

[Event "Berlin op 05"]
[Site "Berlin"]
[Date "2006.05.28"]
[Round "7"]
[White "Nietsch, Horst"]
[Black "Berndt, Ronald"]
[Result "1-0"]
[WhiteElo "1887"]
[BlackElo "1569"]
[PlyCount "81"]
[EventDate "2006.05.24"]
[EventType "swiss"]
[EventRounds "7"]
[EventCountry "GER"]
[SourceTitle "EXT 2007"]
[Source "ChessBase"]
[SourceDate "2006.11.23"]
[SourceVersion "1"]
[SourceVersionDate "2006.11.23"]
[SourceQuality "1"]

1. Nf3 Nf6 2. g3 d5 3. d4 e6 4. Bg2 c5 5. c3 Nc6 6. 0-0 b6 7. Re1 Be7 8. Nbd2 0-0 9. b3 cxd4 10. cxd4 Bb4 11. Bb2 Ne4 12. a3 Nxd2 13. Nxd2 Be7 14. e3 Ba6 15. Nf3 Rc8 16. b4 Bc4 17. Nd2 Bd3 18. Bf1 Bxf1 19. Kxf1 Bf6 20. Nf3 a5 21. b5 Na7 22. a4 Be7 23. Qd3 Bb4 24. Rec1 Qf6 25. Ne5 Qe7 26. Nc6 Nxc6 27. Rxc6 Rxc6 28. bxc6 Qc7 29. Rc1 Rc8 30. Qa6 Be7 31. Ke2 Bd8 32. Ba3 Rb8 33. f3 f5 34. Qd3 g5 35. e4 f4 36. e5 Be7 37. gxf4 Bxa3 38. Qxa3 gxf4 39. Qd6 Qc8 40. Qd7 Qd8 41. Rg1+ 1-0

[Event "Berlin op 05"]
[Site "Berlin"]
[Date "2006.05.27"]
[Round "6"]
[White "Berndt, Ronald"]
[Black "Kachibadze, Georg"]
[Result "0-1"]
[WhiteElo "1569"]
[BlackElo "1977"]
[PlyCount "116"]
[EventDate "2006.05.24"]
[EventType "swiss"]
[EventRounds "7"]
[EventCountry "GER"]
[SourceTitle "EXT 2007"]
[Source "ChessBase"]
[SourceDate "2006.11.23"]
[SourceVersion "1"]
[SourceVersionDate "2006.11.23"]
[SourceQuality "1"]

1. e4 c5 2. Nf3 Nc6 3. d4 cxd4 4. Nxd4 Nf6 5. Nc3 g6 6. Bc4 Bg7 7. Be3 0-0 8. Bb3 a5 9. 0-0 d6 10. h3 Bd7 11. Kh1 Nxd4 12. Bxd4 Bc6 13. Qd3 Nd7 14. Bxg7 Kxg7 15. f4 Qb6 16. Nd5 Bxd5 17. Bxd5 Rac8 18. Qb3 Qxb3 19. axb3 Rxc2 20. Rxa5 b6 21. Ra7 Rd8 22. Bc4 Kf8 23. Rb7 Nc5 24. Rxb6 Nxe4 25. Re1 d5 26. Bf1 Ng3+ 27. Kg1 Nxf1 28. Kxf1 Rxb2 29. Rb7 e6 30. Rc1 Ra8 31. Kg1 Kg7 32. Rcc7 Rf8 33. b4 Kf6 34. g4 g5 35. fxg5+ Kxg5 36. Rc3 Ra8 37. Rxf7 Ra1+ 38. Rf1 Raa2 39. Rf7 Rxb4 40. Rcf3 Rb1+ 41. Rf1 Rxf1+ 42. Kxf1 h6 43. Rf3 d4 44. Ke1 Kg6 45. Rd3 Ra4 46. Kf2 Kf6 47. Kf3 Ke5 48. h4 Rc4 49. g5 hxg5 50. hxg5 Kf5 51. g6 e5 52. g7 Rc8 53. Ke2 Rg8 54. Rg3 Kf6 55. Kd3 Rxg7 56. Rf3+ Ke6 57. Rf8 Rg3+ 58. Ke4 Re3# 0-1